000 00344nam a2200133Ia 4500
005 20251222143140.0
008 251222s9999||||xx |||||||||||||| ||spa||
020 _a9972-45-010-1
082 _a371.2/K77
100 _aKoth de Paredes, Marcia
245 0 _aEstrategias para la Gestión Educativa
264 _bUniversidad de Lima
942 _cLIB
999 _c12287
_d12287